Serie A Équipes 2024-25 - Statistiques

Statistiques générales
  • Ce quiz a été pris 105 fois
  • Le résultat moyen est 14 sur 20
Statistiques - réponses
Équipes % Correct
Inter Milan
100%
AC Milan
99%
Juventus FC
99%
AS Roma
98%
SS Lazio
89%
SSC Napoli
88%
Atalanta BC
82%
AFC Fiorentina
81%
Torino FC
76%
Bologna FC 1909
67%
Genoa CFC
66%
Como 1907
61%
Hellas Verona FC
59%
Udinese Calcio
56%
Venezia FC
56%
Parma Calcio 1913
54%
US Lecce
53%
AC Monza
49%
Empoli FC
39%
Cagliari Calcio
14%
Aucun quiz correspondant
Distribution des résultats
% des personnes avec chaque résultat
Percentile par nombre de réponses
Votre historique - résultats
Vous n’avez pas pris ce quiz